Analyzing digital advertising.

Andrew McStay explains the way the transition to digital media is changing the face and processes of advertising.

Bibliographic Details
Format: Video
Language:English
Language Notes:Closed-captions in English.
Published: London, United Kingdom : SAGE Publications Ltd., 2015.
Series:SAGE video tutorials.
Subjects:
Online Access:Connect to this streaming video

MARC

Tag First Indicator Second Indicator Subfields
LEADER 00000cgm a2200000Mi 4500
001 in00005513421
006 m go c
007 vz |za|||
007 cr |za||||||||
008 150526s2015 enk013 f o vleng d
005 20241105202834.9
035 |a (OCoLC)on1001330112 
040 |a UAB  |b eng  |e rda  |e pn  |c UAB  |d OCLCO  |d U3G  |d OCLCF  |d OCL  |d SGPBL  |d OCLCQ  |d NRC  |d OCLCQ  |d OCLCA  |d OCLCO  |d OCLCL 
019 |a 988146378 
020 |a 9781473937093  |q (streaming video) 
020 |a 1473937094 
035 |a (OCoLC)1001330112  |z (OCoLC)988146378 
041 0 |j eng 
050 4 |a HF6146.I58 
082 0 4 |a 659.144  |2 23 
049 |a TXAM 
245 0 0 |a Analyzing digital advertising. 
264 1 |a London, United Kingdom :  |b SAGE Publications Ltd.,  |c 2015. 
300 |a 1 online resource (1 video file (13 min., 49 sec.)) :  |b sound, colour 
336 |a two-dimensional moving image  |b tdi  |2 rdacontent 
337 |a computer  |b c  |2 rdamedia 
338 |a online resource  |b cr  |2 rdacarrier 
490 1 |a SAGE video tutorials 
511 0 |a Presenter, Andrew McStay Ph. D. 
520 8 |a Andrew McStay explains the way the transition to digital media is changing the face and processes of advertising. 
546 |a Closed-captions in English. 
588 0 |a Online resource; title from home page (viewed on June 16, 2015). 
650 0 |a Internet advertising. 
650 0 |a Digital communications. 
650 6 |a Publicité sur Internet. 
650 6 |a Transmission numérique. 
650 7 |a Digital communications.  |2 fast  |0 (OCoLC)fst00893634 
650 7 |a Internet advertising.  |2 fast  |0 (OCoLC)fst00977220 
655 2 |a Webcast 
655 7 |a Nonfiction television programs.  |2 fast  |0 (OCoLC)fst01710270 
655 7 |a Internet videos.  |2 fast  |0 (OCoLC)fst01750214 
655 7 |a Nonfiction television programs.  |2 lcgft 
655 7 |a Internet videos.  |2 lcgft 
655 7 |a Émissions télévisées autres que de fiction.  |2 rvmgf 
655 7 |a Vidéos sur Internet.  |2 rvmgf 
700 1 |a McStay, Andrew,  |d 1975-  |e on-screen presenter.  |1 https://id.oclc.org/worldcat/entity/E39PCjDqMhmDb8Gb9Fc3qXTtjC 
758 |i has work:  |a Analyzing digital advertising (MovingImage)  |1 https://id.oclc.org/worldcat/entity/E39PCGYPfvkd6Dr9kKCW8xfPBd  |4 https://id.oclc.org/worldcat/ontology/hasWork 
830 0 |a SAGE video tutorials. 
856 4 0 |u http://proxy.library.tamu.edu/login?url=https://sk.sagepub.com/video/analyzing-digital-advertising  |z Connect to this streaming video  |t 0 
955 |a SAGE Video Media Communication and Cultural Studies 
994 |a 92  |b TXA 
999 f f |s 5662383d-17de-4d5e-863e-3944bbee7c40  |i daf54c1f-fa23-48bd-9c85-46ff71ad9144  |t 0 
952 f f |a Texas A&M University  |b College Station  |c Electronic Resources  |d Available Online  |t 0  |e HF6146.I58   |h Library of Congress classification 
998 f f |a HF6146.I58   |t 0  |l Available Online